000 00290nam a2200121Ia 4500
008 191201s2010 xx 000 0 und d
100 _aNELSON, Stephen L
245 0 _aComplete reference office XP
250 _aRep
260 _c2010
_bTMH
_aNEW DELHI
300 _a1002
942 _2ddc
_cBK
_02
999 _c7831
_d7831